Poesía completa /

Guardado en:
Autor Principal: Vallejo, Cesar
Formato: Libro
Publicado: Cuba : Arte y Literatura, 1988
Series:Biblioteca de Literatura Universal
Materias:
Etiquetas: Agregar Etiqueta
Sin Etiquetas, Sea el primero en etiquetar este registro!
LEADER 00576nam a22002055a 4500
001 CEM.cems006406
005 20100922091155.0
008 130507s1988##################000#0#####d
003 CEMS
082 0 4 |a Pe861.4 
100 1 |a Vallejo, Cesar 
245 1 0 |a Poesía completa /  |c Cesar Vallejo 
260 |a Cuba :  |b Arte y Literatura,  |c 1988 
300 |a 404 p. 
490 0 |a Biblioteca de Literatura Universal 
653 |a Literatura 
653 |a Literatura peruana 
653 |a Poesías 
653 |a Poesía peruana 
859 |a CEMS  |b BIB. CEMS - 11 de abril  |h Pe861.4  |i V246  |p 16645.92  |t Ej.1